Efektivní manažer

Saved in:
Bibliographic Details
Main Author: Stýblo, Jiří
Format: Book
Language:Czech
Published: Ostrava Montanex 1993
Edition:1. vyd.
Subjects:
Tags: Add Tag
No Tags, Be the first to tag this record!

MARC

LEADER 00000nam a2200000 4500
001 c005727
005 20221206074358.9
020 |a 80-85300-65-6 
041 0 |a cze 
044 |a CZ 
245 1 0 |a Efektivní manažer  |c Jiří Stýblo 
250 |a 1. vyd. 
264 1 |a Ostrava  |b Montanex  |c 1993 
300 |a 140 s. 
610 2 0 |a manažment 
610 2 0 |a práca riadiaca 
610 2 0 |a manažéri 
610 2 0 |a výkonnosť 
610 2 0 |a motivácia pracovná 
610 2 0 |a riadenie 
100 1 |a Stýblo, Jiří